000 00617cai a22001935a 4500
001 L158409
008 150205u xxk g 000 0 eng d
035 _a(Sirsi) u158409
041 0 _aeng
110 2 _aEuropean Commission
_92292
245 0 0 _aEU Commission
_bGreen Infrastructure
520 _aInformation about green infrastructure from the European Commission.
590 _aKA
651 4 _aEurope
690 _aInfrastructure
_96246
690 _aEnvironment
_96238
856 4 0 _uhttps://ec.europa.eu/environment/nature/ecosystems/index_en.htm
_zView the website free of charge at ec.europa.eu
942 _n0
999 _c121026
_d121026